Ökonomische Ünterentwicklung Eine historisch - politökonomische Analyse
Salvato in:
| Autore principale: | |
|---|---|
| Natura: | Libro |
| Lingua: | tedesco |
| Pubblicazione: |
Berlin
Akademie
1984
|
| Tags: |
Nessun Tag, puoi essere il primo ad aggiungerne!!
|
MARC
| LEADER | 00000nam a2200000 4500 | ||
|---|---|---|---|
| 001 | c112696 | ||
| 005 | 20041019155153.7 | ||
| 041 | 0 | |a ger | |
| 044 | |a DE | ||
| 245 | 1 | 0 | |a Ökonomische Ünterentwicklung |b Eine historisch - politökonomische Analyse |c Parviz Khalatbari |
| 264 | 1 | |a Berlin |b Akademie |c 1984 | |
| 300 | |a 447 s. | ||
| 100 | 1 | |a Khalatbari, Parviz | |